000 00311 a2200109 4500
001 ART_42152
005 20260410161629.0
008 260409a
245 1 0 _a¿sirve el presupuesto en la empresa actual?
100 1 _aSmolje, Alejandro R.
773 0 _tEnfoques
_g- Nº 5 (mayo 2017)
_wREV416
999 _c12267
_d12267